00721nam a2200217Ia 4500003000900000008004100009040001300050040001300063041000800076100002400084245005500108250002200163260002100185260000900206300000800215490005200223490000600275942000700281999001700288952019800305IT-RoPAU120407s9999 xx 000 0 und d aIT-RoPAU cIT-RoPAU aita aFerdinando Castelli aVolti di Gesù€ nella letteratura moderna. 3 voll. aCinisello Balsamo aEdizioni Paoline c1987 c cm aLe opre, i giorni: i protagonisti della cultura v1 cBK c23493d23493 00102ddc406808_26000000000000071aPAULUSbPAULUSd2012-04-11l0o808.26r2012-04-11 00:00:00w2012-04-11yBKzInserito da: LuigiG In data: 27 ottobre 2011 fondo: Via A.Severo 56 Progr:37363